1000 obras maestras de la pintura europea del siglo XIII al XIX
Guardat en:
| Autors principals: | , |
|---|---|
| Format: | Llibre |
| Idioma: | espanyol |
| Publicat: |
Colonia
Konemann
2005
|
| Matèries: | |
| Etiquetes: |
Afegir etiqueta
Sense etiquetes, Sigues el primer a etiquetar aquest registre!
|
MARC
| LEADER | 00000nam a2200000 a 4500 | ||
|---|---|---|---|
| 001 | UCI7004 | ||
| 003 | CL-VaPUC | ||
| 008 | 080605e20050000gw |||||||||||||||||spa|d | ||
| 020 | |a 3833114940 | ||
| 082 | 0 | 4 | |a 759.022 |b STU |2 21 |
| 100 | 0 | |a Stukenbrock, Christiane |e author |9 530134 | |
| 700 | 0 | |a Töpper, Barbara |e author |9 530135 | |
| 245 | 1 | 0 | |a 1000 obras maestras de la pintura europea del siglo XIII al XIX |
| 300 | |a 1008 p | ||
| 942 | |c BK | ||
| 945 | |d 20080605 00:00:00 |a rbrito | ||
| 260 | |a Colonia |b Konemann |c 2005 | ||
| 650 | 7 | |a PINTURA EUROPEA SIGLO 13-19 |2 CL-VaPUC |9 530136 | |
| 650 | 7 | |a PINTORES EUROPEOS |2 CL-VaPUC |9 340351 | |
| 650 | 0 | |a Edad media |9 258041 | |
| 650 | 0 | |a Renacimiento |9 255107 | |
| 650 | 0 | |a Edad moderna |9 350383 | |
| 651 | 0 | |a Europa |9 255156 | |
| 583 | |a last modification |c 20171116 06:25:04 |k Rodrigo Vera | ||
| 999 | |c 330434 |d 330432 | ||
| 952 | |0 0 |1 0 |4 0 |6 759_022000000000000_STU_2005 |7 0 |8 A |9 415969 |a BIBCUR |b BIBCUR |d 2019-11-22 |i 4447352 |l 1 |o 759.022 STU 2005 |p 4447352 |r 2025-04-22 |s 2022-12-13 |w 2019-11-22 |y BK |k PER | ||